000 00521nam a22001937a 4500
003 KOHA_MİRAKIL
005 20240930101014.0
008 240929b2019 tu ||||| |||| 00| 0 tur d
020 _a9786057754608
040 _aTR-AnABB
_btur
_cTR-AnABB
041 _atur
082 _a956.1015
_bKAR 2019
100 _aKara, Mehdi.
245 0 _aOsmanlı'dan notlar /
_cMehdi Kara.
260 _aAnkara :
_bHerdem Kitap,
_c2019.
300 _a336 sayfa ;
_c20 cm.
650 _aTarih, Osmanlı İmparatorluğu
942 _2ddc
_cBK
999 _c2081
_d2081